Statistics for Countries Bordering Poland by Picture

Click here to take the quiz!

General Stats

  • This quiz has been taken 213 times
  • The average score is 6 of 7

Answer Stats

Answer% Correct
Russia
99%
Germany
94%
Belarus
88%
Czechia
87%
Ukraine
87%
Lithuania
86%
Slovakia
85%

Score Distribution

Percentile by Number Answered

Percent of People with Each Score

Your Score History

You have not taken this quiz